[Event "Mediterranean Flower (Women) 24th"]
[Site "Rijeka"]
[Date "2024.03.04"]
[Round "2"]
[White "Urh, Zala"]
[Black "Hnatyshyn, Anastasiya"]
[Result "1-0"]
[WhiteElo "2287"]
[BlackElo "2178"]
[PlyCount "109"]
[EventDate "2024.03.03"]
[EventType "tourn"]
[EventRounds "9"]
[EventCountry "CRO"]
[SourceTitle "CB11_2024"]
[SourceDate "2024.03.13"]
[SourceVersion "1"]
[SourceVersionDate "2024.03.13"]
[SourceQuality "1"]

1. d4 Nf6 2. Nf3 d5 3. Bf4 c5 4. e3 Nc6 5. Nbd2 Qb6 6. dxc5 Qxb2 7. Rb1 Qc3 8. Bb5 Qxc5 9. c4 a6 10. Bxc6+ bxc6 11. Qa4 Bd7 12. Rb7 e6 13. Ne5 Qa3 14. Qxa3 Bxa3 15. Ke2 Rd8 16. Rhb1 0-0 17. Rc7 a5 18. Nxd7 Rxd7 19. Rxc6 Bb4 20. c5 Re8 21. Be5 Ng4 22. Nf3 Rdd8 23. Rc1 Rc8 24. Rxc8 Rxc8 25. c6 Kf8 26. Bb2 Bd6 27. h3 Nf6 28. Nd4 Rb8 29. Rc2 Ne8 30. a4 Bb4 31. Nb5 f6 32. Bd4 Ke7 33. c7 Rc8 34. Bb6 Kd7 35. Na7 Rxc7 36. Bxc7 Nxc7 37. Nc6 Na6 38. Nxb4 Nxb4 39. Rc5 Nc6 40. Kd2 Kd6 41. Rb5 Kc7 42. Kc3 g6 43. f4 h5 44. g4 hxg4 45. hxg4 f5 46. g5 Kc8 47. Rb1 Kc7 48. Rh1 Kd6 49. Rh8 Kd7 50. Rh7+ Kd6 51. Rg7 Ne7 52. Kd3 Kd7 53. Kd4 Kd6 54. Rxe7 Kxe7 55. Ke5 1-0

[Event "EU-chT (Women) 24th"]
[Site "Budva"]
[Date "2023.11.20"]
[Round "9.6"]
[White "Urh, Zala"]
[Black "Avramidou, Anastasia"]
[Result "1/2-1/2"]
[WhiteElo "2249"]
[BlackElo "2247"]
[PlyCount "94"]
[EventDate "2023.11.11"]
[EventType "team-swiss"]
[EventRounds "9"]
[EventCountry "MNE"]
[SourceTitle "CB47_2023"]
[SourceDate "2023.11.22"]
[SourceVersion "1"]
[SourceVersionDate "2023.11.22"]
[SourceQuality "1"]
[WhiteTeam "Slovenia (W)"]
[BlackTeam "Greece (W)"]
[WhiteTeamCountry "SLO"]
[BlackTeamCountry "GRE"]

1. d4 Nf6 2. c4 e6 3. Nf3 d5 4. g3 Bb4+ 5. Bd2 a5 6. Bg2 0-0 7. Qc2 c5 8. cxd5 cxd4 9. Nxd4 Qb6 10. e3 exd5 11. 0-0 Nc6 12. Nxc6 bxc6 13. Rc1 Rb8 14. Nc3 h5 15. a3 Be7 16. Na4 Qd8 17. Qxc6 Bd7 18. Qc2 h4 19. Nc3 Bg4 20. Qd3 Rxb2 21. Qd4 h3 22. Bxd5 Kh8 23. e4 Qd7 24. Nd1 Rxd2 25. Qxd2 Nxe4 26. Qf4 Qxd5 27. Ne3 Qa8 28. Qxg4 Ng5 29. f4 Nf3+ 30. Kf2 Nd2 31. Qxh3+ Kg8 32. Qg2 Qa7 33. Ra2 Nb3 34. Rc3 a4 35. Qc6 Bf6 36. Rc4 Bd4 37. Re2 Na5 38. Qxa4 Nxc4 39. Qxc4 Rd8 40. Qb3 Qa8 41. h4 Rc8 42. Qd3 Qa7 43. Qe4 Rc3 44. Qe8+ Kh7 45. Qe4+ Kg8 46. Qe8+ Kh7 47. Qe4+ Kg8 1/2-1/2

[Event "CRO-chT (Women) 31st"]
[Site "Veli Losinj"]
[Date "2023.10.16"]
[Round "7.1"]
[White "Movsesian, Julia"]
[Black "Urh, Zala"]
[Result "0-1"]
[WhiteElo "2259"]
[BlackElo "2216"]
[PlyCount "56"]
[EventDate "2023.10.11"]
[EventType "team-tourn"]
[EventRounds "9"]
[EventCountry "CRO"]
[SourceTitle "Mega2024 Update 01"]
[Source "Chessbase"]
[SourceDate "2023.11.12"]
[SourceVersion "1"]
[SourceVersionDate "2023.11.12"]
[SourceQuality "1"]
[WhiteTeam "Zagreb Mladost (W)"]
[BlackTeam "Djakovo Limmont (W)"]
[WhiteTeamCountry "CRO"]
[BlackTeamCountry "CRO"]

1. e4 e5 2. Nf3 Nc6 3. Bb5 a6 4. Ba4 Nf6 5. d3 b5 6. Bb3 Bc5 7. Nc3 d6 8. Nd5 h6 9. c3 0-0 10. Nxf6+ Qxf6 11. Bd5 Bd7 12. Rg1 h5 13. h3 Rae8 14. g4 hxg4 15. hxg4 Ne7 16. Bb3 d5 17. exd5 e4 18. dxe4 Ng6 19. Kf1 Rxe4 20. Bg5 Qd6 21. Nd2 Re5 22. Nf3 Re4 23. Nd2 Ree8 24. Bc2 f5 25. b4 Bxf2 26. Kxf2 Qh2+ 27. Rg2 fxg4+ 28. Nf3 g3+ 0-1

[Event "CRO-chT (Women) 31st"]
[Site "Veli Losinj"]
[Date "2023.10.11"]
[Round "1.1"]
[White "Urh, Zala"]
[Black "Rozman, Monika"]
[Result "1/2-1/2"]
[WhiteElo "2216"]
[BlackElo "2120"]
[PlyCount "141"]
[EventDate "2023.10.11"]
[EventType "team-tourn"]
[EventRounds "9"]
[EventCountry "CRO"]
[SourceTitle "Mega2024 Update 01"]
[Source "Chessbase"]
[SourceDate "2023.11.12"]
[SourceVersion "1"]
[SourceVersionDate "2023.11.12"]
[SourceQuality "1"]
[WhiteTeam "Djakovo Limmont (W)"]
[BlackTeam "Zagreb Caissa (W)"]
[WhiteTeamCountry "CRO"]
[BlackTeamCountry "CRO"]

1. d4 d5 2. Nf3 Nf6 3. Bf4 c5 4. e3 Nc6 5. Nbd2 e6 6. c3 cxd4 7. exd4 Nh5 8. Be3 Bd6 9. Ne5 g6 10. Be2 Ng7 11. f4 f6 12. Nd3 0-0 13. Nf3 b6 14. 0-0 Bd7 15. Rc1 Na5 16. b3 Rc8 17. Kh1 Rc7 18. Bd2 Qe7 19. Qe1 Ba3 20. Rb1 Bd6 21. g4 Rfc8 22. g5 Bb5 23. Qf2 Nb7 24. Rbe1 Qf8 25. gxf6 Qxf6 26. Nde5 Bxe2 27. Rxe2 Bf8 28. Ng5 Qd8 29. Ng4 Nd6 30. Nxe6 Nxe6 31. Rxe6 Ne4 32. Qg2 Nxd2 33. Qxd2 Qh4 34. Qg2 Kh8 35. f5 Rxc3 36. fxg6 Rc1 37. Ref6 Bg7 38. R6f4 h5 39. Qxd5 Rxf1+ 40. Rxf1 Qxg4 41. Rg1 Qe2 42. Qb7 Rf8 43. Qd5 a5 44. Qb7 Qf3+ 45. Qxf3 Rxf3 46. d5 Bf6 47. Rc1 Kg7 48. Rc7+ Kxg6 49. Rc6 b5 50. Rc5 h4 51. Kg2 Rd3 52. Rxb5 h3+ 53. Kf2 Rd2+ 54. Kg3 Be5+ 55. Kg4 Rd3 56. Rxa5 Bxh2 57. Ra6+ Kg7 58. Ra7+ Kf6 59. Ra6+ Ke5 60. Re6+ Kxd5 61. Rh6 Rg3+ 62. Kh4 Ke4 63. Rh8 Kd4 64. Rd8+ Kc3 65. Rc8+ Kb2 66. Re8 Rg2 67. Kxh3 Rf2 68. Rg8 Kxa2 69. Rg2 Kxb3 70. Rxh2 Rxh2+ 71. Kxh2 1/2-1/2

[Event "EU-Cup (Women) 27th"]
[Site "Durres"]
[Date "2023.10.05"]
[Round "5.4"]
[White "Zhukova, Natalia"]
[Black "Urh, Zala"]
[Result "1/2-1/2"]
[WhiteElo "2303"]
[BlackElo "2216"]
[PlyCount "89"]
[EventDate "2023.10.01"]
[EventType "team-swiss"]
[EventRounds "7"]
[EventCountry "ALB"]
[SourceTitle "EXT 2024"]
[Source "ChessBase"]
[SourceDate "2023.10.10"]
[SourceVersion "1"]
[SourceVersionDate "2023.10.10"]
[SourceQuality "1"]
[WhiteTeam "Gaz Ukraine (W)"]
[BlackTeam "Ljubljana Tajfun (W)"]
[WhiteTeamCountry "UKR"]
[BlackTeamCountry "SLO"]

1. c4 e5 2. Nc3 Nf6 3. Nf3 Nc6 4. g3 d5 5. cxd5 Nxd5 6. Bg2 Nf6 7. 0-0 h6 8. d3 Bd6 9. d4 exd4 10. Nxd4 Nxd4 11. Qxd4 Qe7 12. Bf4 Bxf4 13. Qxf4 0-0 14. Rfd1 c6 15. e4 Be6 16. h3 Rad8 17. Qe3 Qb4 18. b3 Rfe8 19. f4 Qa5 20. Rxd8 Rxd8 21. Rf1 Bc8 22. Rf2 Qh5 23. e5 Nd5 24. Nxd5 cxd5 25. Qxa7 Bxh3 26. Qd4 Qg4 27. Kh2 Bxg2 28. Kxg2 h5 29. Qd3 h4 30. Qf3 h3+ 31. Kh2 Qc8 32. Rd2 d4 33. g4 d3 34. Kxh3 Qc3 35. Qe3 Rd4 36. Kg3 Re4 37. Qxe4 Qxd2 38. e6 fxe6 39. Qxe6+ Kf8 40. Qc8+ Ke7 41. Qxb7+ Kd6 42. Qb6+ Kd5 43. Qb5+ Kd6 44. Qb6+ Kd5 45. Qb5+ 1/2-1/2

[Event "SLO-chT (Women)"]
[Site "Radenci"]
[Date "2023.05.13"]
[Round "4.2"]
[White "Rozmanec, Pia"]
[Black "Urh, Zala"]
[Result "0-1"]
[WhiteElo "1764"]
[BlackElo "2264"]
[PlyCount "68"]
[EventDate "2023.05.11"]
[EventType "team-tourn"]
[EventRounds "5"]
[EventCountry "SLO"]
[SourceTitle "CBM 214 Extra"]
[Source "ChessBase"]
[SourceDate "2023.07.31"]
[SourceVersion "1"]
[SourceVersionDate "2023.07.31"]
[SourceQuality "1"]
[WhiteTeam "Celje (W)"]
[BlackTeam "Ljubljana Tajfun (W)"]
[WhiteTeamCountry "SLO"]
[BlackTeamCountry "SLO"]

1. e4 c6 2. d4 d5 3. Nc3 dxe4 4. Nxe4 Nf6 5. Nxf6+ exf6 6. Nf3 Bd6 7. Bc4 0-0 8. 0-0 Bg4 9. Qd3 Bc7 10. Nd2 b5 11. Bb3 Re8 12. Ne4 Nd7 13. Ng3 Nf8 14. c3 Qd6 15. Bd1 Be6 16. b3 f5 17. f4 g6 18. a4 c5 19. axb5 cxd4 20. c4 Bb6 21. Bf3 Rad8 22. Bd2 Rc8 23. Rfc1 Bc5 24. Ra6 Qe7 25. Ra4 Nd7 26. Ne2 Ba3 27. Rxa7 Bxc1 28. Nxc1 Qc5 29. Ra6 Nf6 30. Na2 Ne4 31. Bb4 Qc7 32. Qxd4 Rcd8 33. Qe5 Qd7 34. Be2 Qd1+ 0-1

[Event "SLO-chT (Women)"]
[Site "Radenci"]
[Date "2023.05.11"]
[Round "1.2"]
[White "Groselj, Petra"]
[Black "Urh, Zala"]
[Result "0-1"]
[WhiteElo "1916"]
[BlackElo "2264"]
[PlyCount "108"]
[EventDate "2023.05.11"]
[EventType "team-tourn"]
[EventRounds "5"]
[EventCountry "SLO"]
[SourceTitle "CBM 214 Extra"]
[Source "ChessBase"]
[SourceDate "2023.07.31"]
[SourceVersion "1"]
[SourceVersionDate "2023.07.31"]
[SourceQuality "1"]
[WhiteTeam "Domzale SD (W)"]
[BlackTeam "Ljubljana Tajfun (W)"]
[WhiteTeamCountry "SLO"]
[BlackTeamCountry "SLO"]

1. e4 c5 2. Nf3 Nc6 3. d4 cxd4 4. Nxd4 Nf6 5. Nc3 e5 6. Ndb5 d6 7. Bg5 a6 8. Na3 b5 9. Nd5 Be7 10. Bxf6 Bxf6 11. c4 b4 12. Nc2 0-0 13. g3 a5 14. Bg2 Bg5 15. 0-0 Ne7 16. Nxe7+ Qxe7 17. b3 Be6 18. Qd3 Rfd8 19. f4 exf4 20. gxf4 Bf6 21. Rad1 Qc7 22. Ne3 a4 23. Kh1 axb3 24. axb3 Qa5 25. f5 Bd7 26. e5 Bxe5 27. Bxa8 Rxa8 28. Ng4 Bc6+ 29. Kg1 Qc5+ 30. Rf2 Ra2 31. Qe3 Qxe3 32. Nxe3 Ra3 33. Ng4 Kf8 34. Nxe5 dxe5 35. f6 gxf6 36. Rxf6 Be4 37. Re1 Bg6 38. Re3 e4 39. Kf2 Ke7 40. Rb6 f5 41. Kg3 Ra1 42. Rxb4 Kd6 43. Rb5 Rf1 44. Kg2 Rc1 45. Kg3 Rf1 46. Rc3 f4+ 47. Kg2 Rb1 48. c5+ Kc6 49. Rb6+ Kc7 50. Rf6 e3 51. Re6 Bh5 52. c6 f3+ 53. Kg3 f2 54. Rf6 e2 0-1

[Event "SLO-ch 33rd"]
[Site "Radenci"]
[Date "2023.04.27"]
[Round "3"]
[White "Gricnik, Tine"]
[Black "Urh, Zala"]
[Result "0-1"]
[WhiteElo "1763"]
[BlackElo "2278"]
[PlyCount "56"]
[EventDate "2023.04.25"]
[EventType "team-match"]
[EventRounds "9"]
[EventCountry "SLO"]
[SourceTitle "CBM 214 Extra"]
[Source "ChessBase"]
[SourceDate "2023.07.31"]
[SourceVersion "1"]
[SourceVersionDate "2023.07.31"]
[SourceQuality "1"]

1. d4 Nf6 2. c4 e6 3. Nf3 d5 4. g3 Bb4+ 5. Bd2 a5 6. Bg2 0-0 7. 0-0 dxc4 8. Bxb4 axb4 9. Ne5 Nc6 10. Nxc6 bxc6 11. Bxc6 Ra6 12. Bb5 Rd6 13. Qa4 Rxd4 14. Qxb4 Qd5 15. Nc3 Qh5 16. f3 c5 17. Qa4 e5 18. Qc2 Bb7 19. e4 Rfd8 20. Rad1 Qg5 21. Qe2 h5 22. Bxc4 h4 23. b3 hxg3 24. hxg3 Nh5 25. Rfe1 Rd2 26. f4 Qxg3+ 27. Kf1 Qxf4+ 28. Kg1 Qg5+ 0-1

[Event "Mitropa Cup (Women)"]
[Site "Mali Losinj"]
[Date "2023.04.18"]
[Round "8.2"]
[White "Urh, Zala"]
[Black "Peglau, Dora"]
[Result "1-0"]
[WhiteElo "2278"]
[BlackElo "1974"]
[PlyCount "63"]
[EventDate "2023.04.11"]
[EventType "team-tourn"]
[EventRounds "9"]
[EventCountry "CRO"]
[SourceTitle "CBM 213 Extra"]
[Source "ChessBase"]
[SourceDate "2023.05.31"]
[SourceVersion "1"]
[SourceVersionDate "2023.05.31"]
[SourceQuality "1"]
[WhiteTeam "Slovenia (W)"]
[BlackTeam "Germany (W)"]
[WhiteTeamCountry "SLO"]
[BlackTeamCountry "GER"]

1. d4 d5 2. c4 e6 3. Nf3 Nf6 4. g3 c6 5. Bg2 Be7 6. 0-0 0-0 7. Qc2 Nbd7 8. b3 b6 9. Rd1 Bb7 10. Nc3 Qc8 11. Bb2 c5 12. cxd5 Nxd5 13. Nxd5 Bxd5 14. e4 Bb7 15. d5 exd5 16. exd5 Bf6 17. Rd2 Re8 18. Rad1 Bxb2 19. Qxb2 Qc7 20. d6 Qc8 21. Nh4 g6 22. Qc3 Bxg2 23. Nxg2 Qc6 24. Rd5 Rad8 25. Ne3 Re6 26. Ng4 f6 27. f4 Kg7 28. Qd2 h5 29. f5 gxf5 30. Qh6+ Kg8 31. Qg6+ Kf8 32. Nh6 1-0

[Event "EU-ch (Women) 23rd"]
[Site "Petrovac"]
[Date "2023.03.22"]
[Round "5"]
[White "Urh, Zala"]
[Black "Dylag, Emilia"]
[Result "1-0"]
[WhiteElo "2294"]
[BlackElo "2052"]
[PlyCount "93"]
[EventDate "2023.03.18"]
[EventType "swiss"]
[EventRounds "11"]
[EventCountry "MNE"]
[SourceTitle "CBM 213 Extra"]
[Source "ChessBase"]
[SourceDate "2023.05.31"]
[SourceVersion "1"]
[SourceVersionDate "2023.05.31"]
[SourceQuality "1"]

1. d4 Nf6 2. c4 e6 3. Nf3 d5 4. Nc3 Bb4 5. Bg5 dxc4 6. e4 b5 7. a4 c6 8. e5 h6 9. exf6 hxg5 10. fxg7 Rg8 11. g3 Bb7 12. Bg2 Nd7 13. h4 gxh4 14. Rxh4 Qb6 15. Ne5 Rxg7 16. Rh8+ Nf8 17. a5 Qa6 18. Qh5 0-0-0 19. Qh6 Rg6 20. Nxg6 fxg6 21. Kf1 Ba8 22. Qg7 Qb7 23. Qxb7+ Bxb7 24. a6 Ba8 25. Nxb5 cxb5 26. Bxa8 Kc7 27. Bb7 Rxd4 28. Rg8 Rd2 29. Rg7+ Kd6 30. Rb1 Bc5 31. Rf7 Nd7 32. Ke1 Rd3 33. Be4 Rd4 34. f3 Ne5 35. Rb7 b4 36. Rd1 Nd3+ 37. Bxd3 cxd3 38. Kd2 Rd5 39. Rh1 Bf2 40. Rhh7 Ra5 41. Rbd7+ Ke5 42. Kxd3 Rxa6 43. f4+ Kf5 44. Ke2 Bxg3 45. Kf3 Bxf4 46. Rhf7+ Kg5 47. Rxf4 1-0